000 00851na a2200289 4500
001 22349
003 MIRAKIL
005 20181213155251.0
008 170213b tu 000 0
020 _a9786053992684
035 _a22349
040 _aMilas
_btur
_cTR-AnCHP
041 _atur
082 _a792.02
_bC25ö 2013
090 _a792.02 C25ö 2013
100 _aCandan, Ayşın
245 _aÖncü tiyatro ve dijital çağda gösterim
_cAyşın Candan
250 _agnşl. 2. bs.
260 _aİstanbul
_bİstanbul Bilgi Üniversitesi Yayınları
_c2013
300 _a234 s.
_bfotğ.
_c22 sm.
440 _aİstanbul Bilgi Üniversitesi yayınları
_v412
490 _aSanat-Estetik
_v7
504 _aKaynakça ve dizin var.
650 _aTiyatro
_xModern çağ
_yTeknikler
650 _aTiyatro
_xGösterimler
942 _2ddc
_cBKS
999 _c9556
_d9556